The Only Remaining Country In The World That.... - Statistics

General Stats
  • This quiz has been taken 38 times
  • The average score is 54 of 196
Answers on the Map
Answers color-coded by a green-red scale on the quiz's map according to % correct below.
 
Answer Stats
Answer % Correct
Vatican City
100%
Russia
96%
China
91%
India
91%
South Sudan
87%
Italy
83%
Japan
83%
Cyprus
78%
Indonesia
78%
Nepal
78%
United Kingdom
78%
France
74%
Malta
70%
Philippines
70%
Poland
70%
Pakistan
65%
United Arab Emirates
65%
United States
65%
Bhutan
61%
DR Congo
61%
Jamaica
61%
Monaco
61%
Panama
61%
Suriname
61%
Brazil
57%
Iceland
57%
Jordan
57%
Kiribati
57%
Nauru
57%
Singapore
57%
Algeria
52%
Egypt
52%
Saudi Arabia
52%
Bangladesh
48%
Germany
48%
Nigeria
48%
Ecuador
43%
Iran
43%
Ireland
43%
Mozambique
43%
Myanmar
43%
Papua New Guinea
43%
Paraguay
43%
South Korea
43%
Argentina
39%
Australia
39%
Bolivia
39%
Denmark
39%
Iraq
39%
Israel
39%
Kazakhstan
39%
Liechtenstein
39%
Mongolia
39%
North Korea
39%
Saint Vincent And The Grenadines
39%
Thailand
39%
Turkey
39%
Uzbekistan
39%
Andorra
35%
Chile
35%
Finland
35%
Hungary
35%
Lithuania
35%
San Marino
35%
Somalia
35%
South Africa
35%
Sweden
35%
Tuvalu
35%
Botswana
30%
Burkina Faso
30%
Cambodia
30%
Canada
30%
Croatia
30%
Ethiopia
30%
Laos
30%
Latvia
30%
Luxembourg
30%
Mexico
30%
Morocco
30%
Netherlands
30%
New Zealand
30%
Palau
30%
Serbia
30%
Spain
30%
Switzerland
30%
Taiwan
30%
Turkmenistan
30%
Uruguay
30%
Yemen
30%
Georgia
26%
Norway
26%
Peru
26%
Qatar
26%
Samoa
26%
Sierra Leone
26%
Tanzania
26%
Belgium
22%
Czech Republic
22%
East Timor
22%
Fiji
22%
Gabon
22%
Guinea Bissau
22%
Guyana
22%
Haiti
22%
Kosovo
22%
Kyrgyzstan
22%
Libya
22%
Mauritania
22%
Tajikistan
22%
Belize
17%
Bosnia and Herzegovina
17%
Chad
17%
Lesotho
17%
Liberia
17%
Malawi
17%
Maldives
17%
Nicaragua
17%
Slovakia
17%
Syria
17%
Trinidad and Tobago
17%
Vietnam
17%
Belarus
13%
Central African Republic
13%
Colombia
13%
Eritrea
13%
Eswatini
13%
Mali
13%
Mauritius
13%
Niger
13%
North Macedonia
13%
Romania
13%
Saint Lucia
13%
Seychelles
13%
Solomon Islands
13%
Togo
13%
Vanuatu
13%
Antigua and Barbuda
9%
Armenia
9%
Austria
9%
Brunei
9%
Bulgaria
9%
Costa Rica
9%
El Salvador
9%
Grenada
9%
Honduras
9%
Kuwait
9%
Republic Of The Congo
9%
Ukraine
9%
Afghanistan
4%
Angola
4%
Cape Verde
4%
Dominica
4%
Equatorial Guinea
4%
Estonia
4%
Gambia
4%
Ghana
4%
Greece
4%
Madagascar
4%
Marshall islands
4%
Namibia
4%
Portugal
4%
Rwanda
4%
Saint Kitts and Nevis
4%
Sao Tome And Principe
4%
Slovenia
4%
Tonga
4%
Zambia
4%
Albania
0%
Azerbaijan
0%
Bahamas
0%
Bahrain
0%
Barbados
0%
Benin
0%
Burundi
0%
Cameroon
0%
Comoros
0%
Cuba
0%
Djibouti
0%
Dominican Republic
0%
Federated States Of Micronesia
0%
Guatemala
0%
Guinea
0%
Ivory Coast
0%
Kenya
0%
Lebanon
0%
Malaysia
0%
Moldova
0%
Montenegro
0%
Oman
0%
Senegal
0%
Sri Lanka
0%
Sudan
0%
Tunisia
0%
Uganda
0%
Venezuela
0%
Zimbabwe
0%
No matching quizzes found
Score Distribution
Percent of People with Each Score
Percentile by Number Answered
Your Score History
You have not taken this quiz